Managing behaviour in further and adult education

Gespeichert in:
Bibliographische Detailangaben
1. Verfasser: WALLACE, Susan
Format: Buch
Sprache:Englisch
Veröffentlicht: Sage Publications, 2013
Tags: Tag hinzufügen
Keine Tags, Fügen Sie den ersten Tag hinzu!

MARC

LEADER 00000nam a22000007a 4500
008 210125b ||||| |||| 00| 0 eng d
020 |a 978-1-4462-7396-8 
100 |a WALLACE, Susan 
245 |a Managing behaviour in further and adult education  |c Susan Wallace.  |e (Achieving QTLS)  |g 125p.; ill. 
250 |b 3rd ed.  
260 |b Sage Publications,  |c  2013  |h Los Angeles:   |i 692477   |i 692478  |l LC5219 .W15  |m Motivation in education.   |m Continuing – Education.  |m Effective teaching.   |m Adult students psychology.  |m Achievement motivation. 
500 |a “It includes references and index”. 
942 |a lcc  |c BK  |e Adeniran, F. A  |f 25/01/2021 
952 |0 0  |1 0  |2 lcc  |4 0  |6 LC5219 W14  |7 0  |9 1748  |a HOL  |b ED  |c LP  |d 2021-01-25  |o LC5219 .W14  |p 2021-0525  |r 2021-01-25 00:00:00  |w 2021-01-25  |y BK 
952 |0 0  |1 0  |2 lcc  |4 0  |6 LC5219 W14  |7 0  |9 1749  |a HOL  |b HOL  |c LP  |d 2021-01-25  |o LC5219 .W14  |p 2021-0526  |r 2021-01-25 00:00:00  |w 2021-01-25  |y BK 
999 |c 925  |d 925